Who`s who in the Atan world, 2003-2004 / (Record no. 4643)
[ view plain ]
| 000 -LEADER | |
|---|---|
| fixed length control field | 00448cam a2200157 4500 |
| 008 - FIXED-LENGTH DATA ELEMENTS--GENERAL INFORMATION | |
| fixed length control field | 080508n 000 0 eng u |
| 020 ## - INTERNATIONAL STANDARD BOOK NUMBER | |
| International Standard Book Number | 290318819X |
| 035 ## - SYSTEM CONTROL NUMBER | |
| System control number | (Sirsi) a153197 |
| 050 ## - LIBRARY OF CONGRESS CALL NUMBER | |
| Classification number | CT104.A65 WHO 2004 |
| 245 ## - TITLE STATEMENT | |
| Title | Who`s who in the Atan world, 2003-2004 / |
| 250 ## - EDITION STATEMENT | |
| Edition statement | 16th ed. |
| 260 ## - PUBLICATION, DISTRIBUTION, ETC. | |
| Place of publication, distribution, etc. | Lebanon : |
| Name of publisher, distributor, etc. | Publitec, |
| Date of publication, distribution, etc. | 2004. |
| 300 ## - PHYSICAL DESCRIPTION | |
| Extent | 1100p. : |
| Other physical details | ill. |
| 504 ## - BIBLIOGRAPHY, ETC. NOTE | |
| Bibliography, etc. note | Includes bibliographical references and index. |
| 650 ## - SUBJECT ADDED ENTRY--TOPICAL TERM | |
| Topical term or geographic name entry element | Biography |
| Withdrawn status | Lost status | Source of classification or shelving scheme | Damaged status | Not for loan | Home library | Current library | Shelving location | Cost, normal purchase price | Total Checkouts | Full call number | Barcode | Date last seen | Copy number | Price effective from | Koha item type |
|---|---|---|---|---|---|---|---|---|---|---|---|---|---|---|---|
| Library of Congress Classification | Main Library | Main Library | Reference Collection | 0.00 | CT104.65 WHO 2004 | 33729005829648 | 08/09/2019 | 1 | 08/09/2019 | Reference Book |